| 000 | 00000nam##2200000za#4500 |
| 001 | 9.693515 |
| 003 | CaOODSP |
| 005 | 20250319162509 |
| 007 | cr ||||||||||| |
| 008 | 150407|2001||||xxc|||||o f|0| 0 eng|d |
| 040 | |aCaOODSP|beng |
| 043 | |an-cn--- |
| 086 | 1 |aA21-44/2001E-PDF |
| 110 | 1 |aCanada.|bAgriculture and Agri-Food Canada. |bStrategic Policy Branch. |
| 245 | 10|aFarm income, financial conditions and government assistance : |h[electronic resource]|bdata book |
| 260 | |aOttawa - Ontario : |bAgriculture and Agri-Food Canada. |c2001. |
| 300 | |a99p.|bfigs., graphs, tables |
| 500 | |aIncorrect catalogue number (A21-44/2001) copied in this electronic publication. |
| 590 | |a10-05-Supp|b2010-07-20 |
| 690 | 07|aAgricultural assistance|2gcpds |
| 690 | 07|aEconomic indicators|2gcpds |
| 690 | 07|aFarming|2gcpds |
| 775 | 08|tRevenu agricole, situation financière et aide gouvernementale : |w(CaOODSP)9.637693 |
| 776 | 0#|tFarm income, financial conditions and government assistance : |w(CaOODSP)9.662757 |
| 776 | 0#|tRevenu agricole, situation financière et aide gouvernementale : |w(CaOODSP)9.662758 |
| 856 | 40|ahttp://publications.gc.ca|qPDF|s3020 KB|uhttps://publications.gc.ca/collections/Collection/A21-44-2001E.pdf |